Hearts of Iron 4/HOI4 Trivia - Statistics

General Stats
  • This quiz has been taken 950 times
    190 since last reset
  • The average score is 37 of 50
Answer Stats
Questions Answer % Correct
Who made HOI4? Paradox
93%
When was HOI4 released? 2016
91%
What nation does Germany annex via 'the Anschluss' event? Austria
89%
What is the max level of forts you can build 10
87%
What ideology does the USSR, Mongolia, and Sinkiang start as? Communist
87%
What ideology does the UK, France and USA start as? Democratic
86%
What is the alternative start date to 1936? 1939
85%
What country does Italy start at war with? Ethiopia
85%
What ideology does Germany, Italy and Japan start as? Fascist
85%
The focus 'Danzig or War' has the potential to start a war between Germany and what other country? Poland
85%
Which country asks the USSR to re-militarise the Bosporous Straights? Turkey
85%
Who leads Italy at game start? Benito Mussolini
84%
Which nation can Germany make the Molotov-Rippentrop pact with? USSR
84%
What country can Germany establish when conquering France Vichy France
82%
What country is in control of the Suez Canal at game start? United Kingdom
80%
What faction does the USSR begin the game as leader of? Comintern
79%
What is the name of the defensive line between France and Germany, made up of level 10 forts? Maginot Line
79%
What empire can Turkey restore? Ottoman Empire
79%
What puppet does the USA have at game start? Philippines
79%
Who is in power of Japan at the start of the game? Hirohito
78%
What is the name of Thailand in the game? Siam
78%
What country can be led by Francisco Franco? Spain
78%
What % of naval supremacy is needed to launch a naval invasion? 50%
77%
What is the standard amount of time for a focus? 70 days
77%
King Zog is the ruler of what European country? Albania
77%
What country's port of the game censors portraits of certain figures like Hitler and Himmler? Germany
77%
Which nation controls what is now Angola at game start? Portugal
77%
What ships are needed to trade overseas? Convoys
76%
What currency is used to make political decisions, appoint advisors etc. Political Power
76%
What is the mechanic of sending equipment to other countries called? Lend-lease
75%
Aside from Ethiopia and Aussa, what is the only other fully independent nation in Africa at the start of the game? Liberia
75%
What is the region that Germany has the option to remilitarize? Rhineland
75%
What popular mod allows the player to play in a world where Germany won World War I? Kaiserreich
73%
Who can return to lead the German Empire? (once again) Wilhelm II
73%
What can be used by other nations to covertly increase their ideology in other countries? (they can also be caught and killed) Spies
72%
Operation Tannenbaum gives Germany a wargoal against which country? Switzerland
72%
What territory can Germany demand off of Lithuania? Memel
71%
What faction can China form with the other Chinese warlords? Chinese United Front
70%
Which country can prevent ^^^^'s his return to Germany? Netherlands
68%
What empire can Hungary restore? Austria-Hungary
67%
What region does the USSR demand off of Romania? Bessarabia
66%
Who is in power in Hungary at game start? Miklós Horthy
65%
Who leads the Britsh Fascist Party? Oswald Mosley
63%
What must the UK do within 2 years of turning communist to prevent a civil war? Decolonize
58%
Who can replace FDR as country leader in the 1936 presidential election if the player chooses to do so? Alf Landon
56%
Which HOI4 youtuber is also famous for his disaster saves series but also his country guides? (he is also known for being named ater a type of metal) Bitt3rSteel
51%
Which HOI4 popularised the "HOI4 A-Z" series? (he is also known for calling his subscribers "gravy babies" iSorrowproductions
50%
What is the name of the bear that can lead Poland? Wojtek
49%
Which HOI4 youtuber is famous for his series on saving disaster saves? (he is also known for being 'the rambler') Alex the Rambler
44%
What can fascist and communist nations create/establish in rival nations to lower their surrender limit? Collaboration Governments
37%
No matching quizzes found
Score Distribution
Percent of People with Each Score
Percentile by Number Answered
Your Score History
You have not taken this quiz since the last reset